000 00243nam a2200097Ia 4500
008 240625s9999 xx 000 0 und d
041 _aeng
082 _a808.20 SIN
100 _aSINGH ANSHUMAN
245 _aSTUDY OF SUB BROKER CHANNEL PRESENCE AND
999 _c37099
_d37099